000 005680000a22002050004500
003 LK-CoMWRAF
005 20230904212355.0
008 230817t1992 ||||| |||| 00| 0 eng d
020 _a9559549006
040 _aLK-CoMWRAF
_dLK-CoMWRAF
_eLK-CoMWRAF
041 _aeng
082 _a820.92
_bVEE
100 _aVeerakathipillai, Amybelle
245 _aQuiet delights :
_bAn Anthology of poems and a short story
260 _aColombo :
_bAmybelle Veerakathipillai,
_c1992
300 _a38p
650 _aEnglish poetry
650 _aShort stories
942 _cBK
999 _c3066
_d3066